Online
Catalog

Brugal: (Record no. 52448)

MARC details
000 -CABECERA
campo de control de longitud fija 00959nam a2200265 a 4500
003 - IDENTIFICADOR DEL NÚMERO DE CONTROL
campo de control DO-SdBNP
005 - FECHA Y HORA DE LA ÚLTIMA TRANSACCIÓN
campo de control 20220923090917.0
007 - CAMPO FIJO DE DESCRIPCIÓN FÍSICA--INFORMACIÓN GENERAL
campo de control de longitud fija ta
008 - DATOS DE LONGITUD FIJA--INFORMACIÓN GENERAL
campo de control de longitud fija 220922n200? dr ao||gr|||| 00| 0 spa d
040 ## - FUENTE DE LA CATALOGACIÓN
Centro catalogador/agencia de origen DO-SdBNP
Lengua de catalogación spa
Centro/agencia transcriptor BNPHU
082 #4 - NÚMERO DE LA CLASIFICACIÓN DECIMAL DEWEY
Número de edición 22
Número de documento/Ítem B891h
110 1# - ENTRADA PRINCIPAL--NOMBRE DE ENTIDAD CORPORATIVA
9 (RLIN) 22081
Nombre de entidad corporativa o nombre de jurisdicción como elemento de entrada Brugal & Co
245 10 - MENCIÓN DE TÍTULO
Título Brugal:
Resto del título historia y proyección de un grupo empresarial = history and projection of a business group. /
Mención de responsabilidad, etc. Presentación, George Arzeno Brugal
246 11 - FORMA VARIANTE DE TÍTULO
Título propio/Titulo breve Brugal:
Resto del título history and projection of a business group.
260 ## - PUBLICACIÓN, DISTRIBUCIÓN, ETC.
Lugar de publicación, distribución, etc. [Santo Domingo] :
Nombre del editor, distribuidor, etc. [Brugal],
Fecha de publicación, distribución, etc. [200?]
300 ## - DESCRIPCIÓN FÍSICA
Extensión [32] p. :
Otras características físicas il., fotogr.
Dimensiones 29 cm.
546 ## - NOTA DE LENGUA/LENGUAJE
Nota de lengua/lenguaje Recurso en español e inglés.
590 ## - NOTA LOCAL (RLIN)
Nota local Inventariado 2022 / MF
650 #4 - PUNTO DE ACCESO ADICIONAL DE MATERIA--TÉRMINO DE MATERIA
9 (RLIN) 27549
Término de materia o nombre geográfico como elemento de entrada Bebidas Alcoholica
Subdivisión general Historia
Subdivisión geográfica República Dominicana
650 #4 - PUNTO DE ACCESO ADICIONAL DE MATERIA--TÉRMINO DE MATERIA
9 (RLIN) 58861
Término de materia o nombre geográfico como elemento de entrada Ron
Subdivisión cronológica Siglo XX
Subdivisión geográfica República Dominicana
700 ## - PUNTO DE ACCESO ADICIONAL--NOMBRE DE PERSONA
9 (RLIN) 53763
Nombre de persona Brugal, George Arzeno
Término indicativo de función/relación present.
710 2# - PUNTO DE ACCESO ADICIONAL--NOMBRE DE ENTIDAD CORPORATIVA
9 (RLIN) 22081
Nombre de entidad corporativa o nombre de jurisdicción como elemento de entrada Brugal & Co
910 ## - DATOS DE OPCIÓN DEL USUARIO (OCLC)
Datos de opción del usuario MFeliz
942 ## - ELEMENTOS DE PUNTO DE ACCESO ADICIONAL (KOHA)
Fuente del sistema de clasificación o colocación Dewey Decimal Classification
Tipo de ítem Koha Folleto
Holdings
Estado de retiro Estado de pérdida Fuente del sistema de clasificación o colocación Restricciones de uso No para préstamo Código de colección Localización permanente Ubicación/localización actual Ubicación en estantería Fecha de adquisición Fuente de adquisición Total de préstamos Signatura topográfica completa Código de barras Fecha visto por última vez Precio válido a partir de Tipo de ítem Koha
    Dewey Decimal Classification Excluido de préstamo   Patrimonio Dominicano Biblioteca Nacional Pedro Henríquez Ureña Biblioteca Nacional Pedro Henríquez Ureña En catalogación 22.09.2014 Donado por Manuel Ortiz   B891h 2022-4046 22.09.2022 22.09.2022 Folleto

Powered by Koha